00429 2200169 4500001002100000008004100021035002000062245003600082100001500118260003700133300002000170020002200190084001400212082000800226650001000234990001500244INLIS000000000003251 ind  a0010-1225000072 aSunset Bersama RosiecTere Liye aLiye, Tere aDepok :bPT Sabak Grip Nusantara a410c13,5x20 cm a978-623-9607-46-3 a813 LIY s a813 aFiksi a19726/B/26